000 00714 a2200217 4500
001 61919
005 20260407155911.0
008 260407a1986 arg spa d
003 AR-UNSa-BCEJYS
040 _aAR-UNSa-BCEJYS
_bspa
_cAR-UNSa-BCEJYS
080 _a347.71
_xTransacciones comerciales. La persona en el comercio (fondo de comercio)
245 1 0 _aVenta de negocios (transferencia de fondos de comercio)
_pRégimen jurídico y procedimientos prácticos
020 _a978-950-14-0342-8
250 _a2a. ed.
264 1 _aBuenos Aires :
_bEdiciones Depalma
_c1986
300 _a176 p.
_c23 cm.
041 _aspa
942 _cBK
590 _aniveau_biblio:m niveau_hierar:0
100 1 _aLapa, Eduardo L.
999 _c7488
_d7488